No son los grandes los que se comen a los pequeños ... (Registro nro. 4621)
[ vista simple ]
| 000 -LEADER | |
|---|---|
| fixed length control field | 01103nam a2200265Ia 4500 |
| 003 - CONTROL NUMBER IDENTIFIER | |
| control field | OSt |
| 005 - DATE AND TIME OF LATEST TRANSACTION | |
| control field | 20201013135723.0 |
| 008 - FIXED-LENGTH DATA ELEMENTS--GENERAL INFORMATION | |
| fixed length control field | 191128s2001 ck gr 000 0 spa d |
| 020 ## - INTERNATIONAL STANDARD BOOK NUMBER | |
| International Standard Book Number | 9580462771 |
| 040 ## - CATALOGING SOURCE | |
| Original cataloging agency | CO-JMCR |
| Transcribing agency | CO-JMCR |
| 041 1# - LANGUAGE CODE | |
| Language code of text/sound track or separate title | spa |
| Language code of original | eng |
| 082 24 - DEWEY DECIMAL CLASSIFICATION NUMBER | |
| Classification number | 658.4 / |
| Item number | J541n |
| Edition number | 23 |
| 100 1# - MAIN ENTRY--PERSONAL NAME | |
| Personal name | Jennings, Jason, |
| Relator term | autor |
| 9 (RLIN) | 11407 |
| 245 10 - TITLE STATEMENT | |
| Title | No son los grandes los que se comen a los pequeños ... |
| Remainder of title | son los veloces los que se comienzan a los lentos / |
| Statement of responsibility, etc. | Jason Jennings, Laurence Haughton ; Traducción Margarita Cárdenas |
| 260 ## - PUBLICATION, DISTRIBUTION, ETC. | |
| Place of publication, distribution, etc. | Bogotá : |
| Name of publisher, distributor, etc. | Norma, |
| Date of publication, distribution, etc. | 2001. |
| 300 ## - PHYSICAL DESCRIPTION | |
| Extent | xvii, 292 páginas |
| Dimensions | 23 cm. |
| 505 0# - FORMATTED CONTENTS NOTE | |
| Formatted contents note | Pensamiento rápido -- Decisiones rápidas -- Llegar más pronto al mercado -- Mantenimiento del ritmo |
| 534 ## - ORIGINAL VERSION NOTE | |
| Introductory phrase | It´s not the big that eat the small… … it´s the fast that eat the slow |
| 546 ## - LANGUAGE NOTE | |
| Language note | Traducido del ingles |
| 650 24 - SUBJECT ADDED ENTRY--TOPICAL TERM | |
| Topical term or geographic name entry element | Planificación estratégica |
| General subdivision | Tiempo |
| 9 (RLIN) | 11408 |
| 650 24 - SUBJECT ADDED ENTRY--TOPICAL TERM | |
| Topical term or geographic name entry element | Aspectos económicos |
| General subdivision | Competencia |
| 9 (RLIN) | 11409 |
| 700 1# - ADDED ENTRY--PERSONAL NAME | |
| Personal name | Haughton, Laurence, |
| Relator term | autor |
| 9 (RLIN) | 11410 |
| 700 1# - ADDED ENTRY--PERSONAL NAME | |
| Personal name | Cárdenas, Margarita, |
| Relator term | traductora |
| 9 (RLIN) | 11411 |
| 942 ## - ADDED ENTRY ELEMENTS (KOHA) | |
| Source of classification or shelving scheme | Dewey Decimal Classification |
| Koha item type | Books |
| Withdrawn status | Lost status | Source of classification or shelving scheme | Materials specified (bound volume or other part) | Damaged status | Not for loan | Home library | Current library | Shelving location | Date acquired | Source of acquisition | Total Checkouts | Full call number | Barcode | Date last seen | Date last checked out | Copy number | Price effective from | Koha item type |
|---|---|---|---|---|---|---|---|---|---|---|---|---|---|---|---|---|---|---|
| Dewey Decimal Classification | Donación--15/04/2019-- | Biblioteca Pública José María del Castillo y Rada | Biblioteca Pública José María del Castillo y Rada | General Stacks | 11/28/2019 | Donación | 1 | 658.4 / J541n | 201809560 | 01/24/2025 | 01/22/2025 | Ej.1 | 11/28/2019 | Books |